Score 0/22 Timer 01:30
0 Plays Today
Name Answer % Correct
RanierM
97.8%
GlacierP
88.9%
YosemiteP
86.7%
YellowstoneP
86.7%
McKinleyM
84.4%
Grand TetonP
80%
AcadiaP
77.8%
Mauna LoaM
77.8%
PontchartrainL
75.6%
LoganC
73.3%
GeorgeL
73.3%
Name Answer % Correct
KatahdinM
71.1%
WhitefaceM
71.1%
KissimmeeL
71.1%
Palo DuroC
68.9%
WallenpaupackL
68.9%
AntelopeC
68.9%
MusconetcongL
68.9%
Nine MileC
68.9%
EchoC
66.7%
OwascoL
64.4%
JensenC
64.4%
Remove Ads.
Support Sporcle.
Get the best of Sporcle when you Go Orange. This ad-free experience offers more features, more stats, and more fun while also helping to support Sporcle. Thank you for becoming a member.

You're not logged in!

Compare scores with friends on all Sporcle quizzes.
OR
Log In

Show Comments

Extras

Created Aug 8, 2016ReportNominate
Tags:National Geography

Top Quizzes Today


Score Distribution

Your Account Isn't Verified!

In order to create a playlist on Sporcle, you need to verify the email address you used during registration. Go to your Sporcle Settings to finish the process.

Report this User

Report this user for behavior that violates our Community Guidelines.

Details: